| 000 | 00508nam a2200169 a 4500 | ||
|---|---|---|---|
| 005 | 20140311163001.0 | ||
| 008 | 030421s19uu xx 00 eng d | ||
| 020 | _a0198314582 | ||
| 050 |
_aPR 6025.U6 _b.C144 2000 |
||
| 100 | _aCalcutt, David | ||
| 245 |
_aThe Labyrinth : _bthe dramatized story of Theseus and the Minotaur / _cDavid Calcutt. |
||
| 260 |
_aNew York : _bOxford University Press, _c2000. |
||
| 300 |
_a128 p. : _bill. ; _c22 cm. |
||
| 650 | _aDrama | ||
| 942 |
_cBK _2lcc _kFOR |
||
| 999 |
_c39192 _d39192 |
||